Frankenstein/ (Record no. 11409)

MARC details
000 -LEADER
fixed length control field 00502nam a22001937a 4500
005 - DATE AND TIME OF LATEST TRANSACTION
control field 20220927145301.0
008 - FIXED-LENGTH DATA ELEMENTS--GENERAL INFORMATION
fixed length control field 220927b ||||| |||| 00| 0 eng d
020 ## - INTERNATIONAL STANDARD BOOK NUMBER
International Standard Book Number 9788186423646
040 ## - CATALOGING SOURCE
Original cataloging agency IN-DiNC
Transcribing agency IN-DiNC
041 ## - LANGUAGE CODE
Language code of sung or spoken text English
082 ## - DEWEY DECIMAL CLASSIFICATION NUMBER
Classification number 823
Item number SHE
100 ## - MAIN ENTRY--PERSONAL NAME
Personal name Shelley, Mary
Relator term Author
245 ## - TITLE STATEMENT
Title Frankenstein/
Statement of responsibility, etc. by Mary Shelley
260 ## - PUBLICATION, DISTRIBUTION, ETC.
Place of publication, distribution, etc. Delhi:
Name of publisher, distributor, etc. Worldview publications,
Date of publication, distribution, etc. 2016.
300 ## - PHYSICAL DESCRIPTION
Extent xlv, 346p.
650 ## - SUBJECT ADDED ENTRY--TOPICAL TERM
Topical term or geographic name entry element English novel
700 ## - ADDED ENTRY--PERSONAL NAME
Personal name Joshi, Maya
Relator term Editor
942 ## - ADDED ENTRY ELEMENTS (KOHA)
Source of classification or shelving scheme Dewey Decimal Classification
Koha item type Books
Holdings
Withdrawn status Lost status Source of classification or shelving scheme Damaged status Not for loan Collection code Home library Current library Shelving location Date acquired Cost, normal purchase price Total Checkouts Full call number Barcode Date last seen Copy number Price effective from Koha item type
    Dewey Decimal Classification     English Central Library, Naharkatiya College Central Library, Naharkatiya College General Stacks 27/09/2022 250.00   823 SHE 28951 27/09/2022 1 27/09/2022 Books
    Dewey Decimal Classification     English Central Library, Naharkatiya College Central Library, Naharkatiya College General Stacks 27/09/2022 250.00   823 SHE 28952 27/09/2022 2 27/09/2022 Books

Naharkatiya College © 2020. All rights reserved.

Powered By